<?xml version='1.0' encoding='UTF-8'?>
  <record xmlns="http://www.loc.gov/MARC21/slim">
    <leader>00000cam a2200000 i 4500</leader>
    <controlfield tag="001">ocm66586812</controlfield>
    <controlfield tag="003">OCoLC</controlfield>
    <controlfield tag="005">20251121015353.4</controlfield>
    <controlfield tag="008">040704s1589    fr            000 0 ger d</controlfield>
    <datafield tag="040" ind1=" " ind2=" ">
      <subfield code="a">NLGGC</subfield>
      <subfield code="b">dut</subfield>
      <subfield code="e">fobidrtb</subfield>
      <subfield code="c">NLGGC</subfield>
      <subfield code="d">QGJ</subfield>
      <subfield code="d">OCLCL</subfield>
      <subfield code="d">OCLCQ</subfield>
    </datafield>
    <datafield tag="029" ind1="0" ind2=" ">
      <subfield code="a">NLGGC</subfield>
      <subfield code="b">265519640</subfield>
    </datafield>
    <datafield tag="029" ind1="1" ind2=" ">
      <subfield code="a">DEBBG</subfield>
      <subfield code="b">BV017419641</subfield>
    </datafield>
    <datafield tag="035" ind1=" " ind2=" ">
      <subfield code="a">(OCoLC)66586812</subfield>
    </datafield>
    <datafield tag="100" ind1="1" ind2=" ">
      <subfield code="a">Bourgoin, Edme.</subfield>
    </datafield>
    <datafield tag="245" ind1="1" ind2="0">
      <subfield code="a">Wolbedenckliche Beschreibung des, an dem König in Franckreich newlich verrhäterlich begangenen Meuchelmords, von einem Mönch Prediger Ordens, inmassen solchen die rebellischen Paryser selbst haben an Tag gegeben, und in offenem Truck zu Parys publicieren und auss kommen lassen /</subfield>
      <subfield code="c">auss dem Frantzösischen der eygentlichen Meynung nach verteutschet und mit Nötigen Erinnerungen ersetzt durch Bernart Janot.</subfield>
    </datafield>
    <datafield tag="260" ind1=" " ind2=" ">
      <subfield code="a">[Strassburg] :</subfield>
      <subfield code="b">[Bernard Jobin],</subfield>
      <subfield code="c">1589.</subfield>
    </datafield>
    <datafield tag="300" ind1=" " ind2=" ">
      <subfield code="c">.. cm.</subfield>
    </datafield>
    <datafield tag="336" ind1=" " ind2=" ">
      <subfield code="a">tekst</subfield>
      <subfield code="b">txt</subfield>
      <subfield code="2">rdacontent/dut</subfield>
    </datafield>
    <datafield tag="337" ind1=" " ind2=" ">
      <subfield code="a">zonder medium</subfield>
      <subfield code="b">n</subfield>
      <subfield code="2">rdamedia/dut</subfield>
    </datafield>
    <datafield tag="338" ind1=" " ind2=" ">
      <subfield code="a">band</subfield>
      <subfield code="b">nc</subfield>
      <subfield code="2">rdacarrier/dut</subfield>
    </datafield>
    <datafield tag="500" ind1=" " ind2=" ">
      <subfield code="a">Auteur is Edme Bourgoin.</subfield>
    </datafield>
    <datafield tag="500" ind1=" " ind2=" ">
      <subfield code="a">Met één uitvouwbare plaat.</subfield>
    </datafield>
    <datafield tag="510" ind1="0" ind2=" ">
      <subfield code="a">VD 16.1, B 6858</subfield>
    </datafield>
    <datafield tag="510" ind1="0" ind2=" ">
      <subfield code="a">Van Someren 423</subfield>
    </datafield>
    <datafield tag="600" ind1="0" ind2="4">
      <subfield code="a">Hendrik III,</subfield>
      <subfield code="c">koning van Frankrijk.</subfield>
    </datafield>
    <datafield tag="600" ind1="1" ind2="4">
      <subfield code="a">Clément, Jacques,</subfield>
      <subfield code="c">dominicaan.</subfield>
    </datafield>
    <datafield tag="700" ind1="1" ind2=" ">
      <subfield code="a">Janot, Bernart,</subfield>
      <subfield code="c">pseud. van Johann Fischart.</subfield>
    </datafield>
    <datafield tag="758" ind1=" " ind2=" ">
      <subfield code="a">Wolbedenckliche Beschreibung des, an dem König in Franckreich newlich verrhäterlich begangenen Meuchelmords, von einem Mönch Prediger Ordens, inmassen solchen die rebellischen Paryser selbst haben an Tag gegeben, und in offenem Truck zu Parys publicieren und auss kommen lassen (Text)</subfield>
      <subfield code="1">https://id.oclc.org/worldcat/entity/E39PCXyyrTmdTf9P7cDthVykMq</subfield>
      <subfield code="4">https://id.oclc.org/worldcat/ontology/hasWork</subfield>
    </datafield>
    <datafield tag="936" ind1=" " ind2=" ">
      <subfield code="a">BATCHLOAD</subfield>
    </datafield>
  </record>